[Event "It (open) (w)"]
[Site "masterchessopen.com - Moscow (Russia)"]
[Date "2012.01.29"]
[Round "2"]
[White "Charochkina Daria (RUS)"]
[Black "Styazhkina Anna (RUS)"]
[Result "1-0"]
[WhiteElo "2358"]
[BlackElo "2090"]

1.c4 e5 2.Nc3 Nc6 3.Nf3 f5 4.d4 e4 5.Ng5 Nf6 6.e3 g6 7.Be2 Bg7 8.O-O d6 9.f3
h6 10.Nh3 exf3 11.Bxf3 O-O 12.Nf4 Kh7 13.Bd2 Ne7 14.Kh1 c6 15.e4 fxe4 16.Nxe4
Nf5 17.d5 cxd5 18.cxd5 Re8 19.Nxf6+ Qxf6 20.Nxg6 Kxg6 21.Bh5+ Kh7 22.Bxe8 Qh4
23.Bf4 Nd4 24.Bxd6 Bg4 25.Qd3+ Kh8 26.Be5 Nf5 27.Bxg7+ Kxg7 28.Bd7 Nd6 29.Qd4+
{#r} 1-0

[Event "Ch City (final)"]
[Site "masterchessopen.com - Omsk (Russia)"]
[Date "2012.03.20"]
[Round "5"]
[White "Kislova Valentina (RUS)"]
[Black "Chagasov Oleg (RUS)"]
[Result "1-0"]
[WhiteElo "2058"]
[BlackElo "1882"]

1.c4 e5 2.Nc3 Nc6 3.Nf3 f5 4.d4 e4 5.d5 exf3 6.dxc6 fxg2 7.cxd7+ Qxd7 8.Qxd7+
Bxd7 9.Bxg2 O-O-O 10.O-O Nf6 11.Bg5 Be7 12.Rac1 c6 13.b3 h6 14.Be3 Kb8 15.Rc2
g5 16.Rd1 Rhg8 17.Bc1 Ng4 18.Rcd2 Kc7 19.h3 Ne5 20.Bb2 g4 21.Nd5+ cxd5
22.Bxe5+ Kc8 23.Bxd5 gxh3+ 24.Bxg8 Rxg8+ 25.Kh2 {#r} 1-0

[Event "Tournament (universities) (under 27)"]
[Site "masterchessopen.com - Bucaramanga (Colombia)"]
[Date "2012.03.30"]
[Round "2"]
[White "Cuesta Cifuentes Jair Alfonso"]
[Black "Gallego Alcaraz Andres Felipe"]
[Result "0-1"]
[WhiteElo "1950"]
[BlackElo "2365"]

1.c4 e5 2.Nc3 Nc6 3.Nf3 f5 4.d4 e4 5.d5 exf3 6.dxc6 fxg2 7.cxd7+ Bxd7 8.Bxg2
c6 9.Bf4 Nf6 10.Qb3 Qb6 11.O-O Be6 12.e4 fxe4 13.Nxe4 Nxe4 14.Bxe4 Qxb3
15.axb3 Bc5 16.Rad1 O-O 17.Bd6 Bxd6 18.Rxd6 Rae8 19.f3 Bh3 20.Rfd1 Re5 21.R1d2
Rxe4 {#R} 0-1

[Event "Tournament (Elo) (b)"]
[Site "masterchessopen.com - Budapest (Hungary)"]
[Date "2012.04.08"]
[Round "2"]
[White "Schmidt Wolfgang (GER)"]
[Black "Mayer Istvan (HUN)"]
[Result "0-1"]
[WhiteElo "2249"]
[BlackElo "2069"]

1.c4 e5 2.Nc3 Nc6 3.Nf3 f5 4.d3 Nf6 5.e3 g6 6.d4 e4 7.Nd2 Bg7 8.g3 d6 9.Bg2
Ne7 10.O-O c6 11.a4 O-O 12.Rb1 Be6 13.b3 g5 14.Ne2 Ng6 15.f4 Ng4 16.Nxe4 fxe4
17.Bxe4 gxf4 18.exf4 d5 19.Bd3 dxc4 20.Bxc4 Bd5 21.h3 Nh6 22.Bb2 Nf5 23.Qd3
Qe7 24.Bxd5+ cxd5 25.Rf3 Qe4 26.Kf2 Rae8 27.Rd1 Rf7 28.Rd2 Rfe7 29.Qb5 Nd6
30.Qd3 Qxd3 {#R} 0-1

[Event "It \"]
[Site "masterchessopen.com - Hinckley (England)"]
[Date "2012.08.26"]
[Round "5"]
[White "Grattage Matthew (ENG)"]
[Black "Hall David E (ENG)"]
[Result "0-1"]
[WhiteElo "1986"]
[BlackElo "2103"]

1.c4 e5 2.Nc3 Nc6 3.Nf3 f5 4.d4 e4 5.Bg5 Nf6 6.Nd2 Be7 7.d5 Ne5 8.Bxf6 Bxf6
9.e3 d6 10.Be2 O-O 11.O-O Qe7 12.f3 exf3 13.Bxf3 Ng4 14.Bxg4 Qxe3+ 15.Kh1 fxg4
16.Nde4 Be5 17.Rxf8+ Kxf8 18.Qf1+ Kg8 19.Re1 Qh6 20.g3 Bd7 21.Qg2 Rf8 22.Rf1
Bf5 23.c5 Qe3 24.cxd6 cxd6 25.Rf2 g6 26.Re2 Qc1+ 27.Qg1 Bxe4+ {#R} 0-1